A grain of sand = (Record no. 69234)

MARC details
000 -LEADER
fixed length control field 02390nam a22003137a 4500
005 - DATE AND TIME OF LATEST TRANSACTION
control field 20120823120024.0
010 ## - LCCN (DPL NO)
LC control number B-461129-138
020 ## - INTERNATIONAL STANDARD BOOK NUMBER
International Standard Book Number 9780143030355
Terms of availability 325.00
035 ## - SYSTEM CONTROL NUMBER
System control number B-461129-138
037 ## - SOURCE OF ACQUISITION
Stock number dpl
Source of stock number/acquisition Virtuous Pub/Ven
082 ## - DEWEY DECIMAL CLASSIFICATION NUMBER
Classification number N
100 ## - MAIN ENTRY--PERSONAL NAME
Personal name Tagore, Rabindranath
245 ## - TITLE STATEMENT
Title A grain of sand =
Remainder of title chokher bali /
Statement of responsibility, etc by Rabindranath Tagore; translated from the Bengali by Sreejata Guha
260 ## - PUBLICATION, DISTRIBUTION, ETC. (IMPRINT)
Place of publication, distribution, etc New Delhi
Name of publisher, distributor, etc Penguin Books
Date of publication, distribution, etc 2003
270 ## - ADDRESS
Address 11, Community Centre, Panchsheel Park
City New Delhi
Postal code 110017
300 ## - PHYSICAL DESCRIPTION
Extent 287p.
Dimensions 19cm (pbk)
942 ## - ADDED ENTRY ELEMENTS (KOHA)
Source of classification or shelving scheme Dewey Decimal Classification
Item type English Books
Call number suffix TAG
Classification part N
Holdings
Withdrawn status Lost status Not for loan Collection code Home library Current library Date acquired Source of acquisition Cost, normal purchase price Full call number Barcode Copy number Cost, replacement price Koha item type
      Fiction Andrews Gunj Andrews Gunj 27/08/2012 Virtuous Pub/IN937/04.02.2012/28/18.01.2012/10.02.2012 325.00 N TAG B-461134 1 325.00 English Books
      Fiction Central Library Central Library 27/08/2012 Virtuous Pub/IN937/04.02.2012/28/18.01.2012/10.02.2012 325.00 N TAG B-461129 1 325.00 English Books
      Fiction Janak Puri Janak Puri 27/08/2012 Virtuous Pub/IN937/04.02.2012/28/18.01.2012/10.02.2012 325.00 N TAG B-461131 1 325.00 English Books
  Written-off vide DLB M. No. 383 dt 16.05.19   Fiction Karol Bagh Karol Bagh 27/08/2012 Virtuous Pub/IN937/04.02.2012/28/18.01.2012/10.02.2012 325.00 N TAG B-461137 1 325.00 English Books
Withdrawn     Fiction Patel Nagar Patel Nagar 27/08/2012 Virtuous Pub/IN937/04.02.2012/28/18.01.2012/10.02.2012 325.00 N TAG B-461130 1 325.00 English Books
      Fiction R.K.Puram-8 R.K.Puram-8 27/08/2012 Virtuous Pub/IN937/04.02.2012/28/18.01.2012/10.02.2012 325.00 N TAG B-461133 1 325.00 English Books
      Fiction Sarojini Nagar Sarojini Nagar 27/08/2012 Virtuous Pub/IN937/04.02.2012/28/18.01.2012/10.02.2012 325.00 N TAG B-461132 1 325.00 English Books
  Written-off vide DLB M. No. 383 dt 16.05.19   Fiction Shahdara Branch Shahdara Branch 27/08/2012 Virtuous Pub/IN937/04.02.2012/28/18.01.2012/10.02.2012 325.00 N TAG B-461138 1 325.00 English Books
      Fiction Sriniwas Puri Sriniwas Puri 27/08/2012 Virtuous Pub/IN937/04.02.2012/28/18.01.2012/10.02.2012 325.00 N TAG B-461135 1 325.00 English Books
      Fiction Vinoba Puri Vinoba Puri 27/08/2012 Virtuous Pub/IN937/04.02.2012/28/18.01.2012/10.02.2012 325.00 N TAG B-461136 1 325.00 English Books

© Delhi Public Library
Hit Counter
free hit counter